Fedra. Andrómaca. Los litigantes. Británico /

Guardado en:
Autor Principal: Racine, Jean.
Otros Autores: Robles Villafrance, Flor; trad.
Formato: Libro
Idioma:Spanish
Publicado: Buenos Aires : Hyspamerica, 1984.
Edición:1a ed.
Series:Historia Universal de la Literatura ; 79
Materias:
Etiquetas: Agregar Etiqueta
Sin Etiquetas, Sea el primero en etiquetar este registro!
LEADER 00619nam a22001935a 4500
001 CEM.cems024499
008 250212s1984####ag############000#0#spa#d
005 20250212135023.0
245 1 0 |a Fedra. Andrómaca. Los litigantes. Británico /  |c Jean Racine. 
250 |a 1a ed. 
260 |a Buenos Aires :  |b Hyspamerica,  |c 1984. 
300 |a 271 p. 
490 1 |a Historia Universal de la Literatura ;  |v 79 
020 |a 9506142262 
100 1 |a Racine, Jean. 
700 1 |a Robles Villafrance, Flor; trad. 
653 |a Literatura francesa 
653 |a Teatro francés 
859 |a CEMS  |b BIB. CEMS - 11 de abril  |h 842.4  |i R815-3  |p 29787.25  |t Ej.1